00491nam a2200169Ia 4500003000900000008004100009040001600050080001700066100002000083245004500103260003800148300001700186490003600203650002400239650004100263650001700304IN-BaIIA211028s9999 xx 000 0 eng d cIIA Library a52(091)bABE aAbetti, Giorgio 4aThe history of astronomycGiorgio Abetti aLondonbSidwick and Jacksonc1954 axviii, 345p. aLife of science library; no. 24 aAstronomy - History aAstronomy and astrophysics thesaurus aAstrophysics